000 00487nam a2200169 i 4500
001 102674
003 ES-MaACL
005 20230906183145.0
007 t|
008 051124s1965 pr ||||1| spa d
080 _a821.134.2(729.5)-32"19"
100 1 _aArana-Soto, S.
_922263
245 1 3 _aLa camisa volantona y otros cuentos polĂ­ticos /
_cSalvador Arana-Soto.
260 _aPuerto Rico :
_b[s.n.],
_c1965.
300 _a101 p. ;
_c19 cm.
852 _aES-MaACL
_jE-11160
_bR.136866
999 _c102674
_d102674